00294cam a22001097a 4500008004000000082001200040100001900052245005500071260002700126300001000153650002100163180718b1998 xxu||||| |||| 00| 0 eng d aO6 C343 aChhajer, Bimal aFood for reversing heart diseasecby Bimal Chhajer aNew DelhibSAAOLc1998 a487p. aHeart - Diseases